00000000nam##2200000za#4500
0019.578060
003CaOODSP
00520210624185916
007cr |||||||||||
008150406|1986||||xxc|||||o    f|0| 0 eng|d
022 |a1488-5387
040 |aCaOODSP|beng
043 |an-cn---
0861 |aFs97-4/1895E-PDF
1101 |aCanada. |bDepartment of Fisheries and Oceans.
24510|aReview of 1985 south coast salmon troll fisheries / |h[electronic resource]|cby T.F. Shardlow, A.D. Anderson and A.W. Argue.
260 |aNanaimo - British Columbia : |bFisheries and Oceans Canada |cAugust 1986.
300 |a78p.|bgraphs, maps, references, tables
4901 |aCanadian manuscript report of fisheries and aquatic sciences|x1488-5387|vNo. 1895
500 |aThe catalogue number (Fs97-4/1895) and ISSN (0706-6473) for the print edition have been incorrectly copied in this electronic publication.
546 |a(Résumés en français)
590 |a13-27-Supp|b2013-11-15
69007|aFisheries|2gcpds
69007|aSalt water fish|2gcpds
7201 |aShardlow, T. F.
7201 |aArgue, A. W.
7201 |aAnderson, A. D.
830#0|aCanadian manuscript report of fisheries and aquatic sciences,|x1488-5387|vNo. 1895|w(CaOODSP)9.505211
85640|ahttp://publications.gc.ca|qPDF|s15.07 MB|uhttps://publications.gc.ca/collections/collection_2013/mpo-dfo/Fs97-4-1895-eng.pdf|yNo. 1895